Integral equations / (Record no. 7413)
[ view plain ]
| 000 -LEADER | |
|---|---|
| fixed length control field | 00788cam a22002531 4500 |
| 001 - CONTROL NUMBER | |
| control field | 7413 |
| 003 - CONTROL NUMBER IDENTIFIER | |
| rucl marc code | BD-RjUL |
| 005 - DATE AND TIME OF LATEST TRANSACTION | |
| control field | 20211208234418.0 |
| 008 - FIXED-LENGTH DATA ELEMENTS--GENERAL INFORMATION | |
| fixed length control field | 150114s1957 nyua 000 0 eng |
| 035 ## - SYSTEM CONTROL NUMBER | |
| System control number | (BD-RjUL)7456 |
| 040 ## - CATALOGING SOURCE | |
| Original cataloging agency | DLC/ICU |
| Transcribing agency | ICU |
| Modifying agency | DLC |
| -- | BD-RjUL |
| Language of cataloging | eng |
| 041 ## - LANGUAGE CODE | |
| Language code of text/sound track or separate title | eng |
| 082 00 - DEWEY DECIMAL CLASSIFICATION NUMBER | |
| Edition number | 23 |
| Classification number | 515.45 |
| Author mark and year | TRI 1957 |
| 100 1# - MAIN ENTRY--PERSONAL NAME | |
| Personal name | Tricomi, F. G. |
| Fuller form of name | (Francesco Giacomo), |
| Dates associated with a name | 1897-1978. |
| 9 (RLIN) | 19835 |
| 245 00 - TITLE STATEMENT | |
| Title | Integral equations / |
| Statement of responsibility, etc. | F G Tricomi. |
| 260 ## - PUBLICATION, DISTRIBUTION, ETC. (IMPRINT) | |
| Place of publication, distribution, etc. | New York, |
| Name of publisher, distributor, etc. | Interscience Publishers, |
| Date of publication, distribution, etc. | 1957. |
| 300 ## - PHYSICAL DESCRIPTION | |
| Pagination | 238 p. : |
| Illustrations | illus. ; |
| Size | 24 cm. |
| 490 1# - SERIES STATEMENT | |
| Series statement | Pure and applied mathematics, |
| Volume/sequential designation | v. 5 |
| 650 #0 - SUBJECT ADDED ENTRY--TOPICAL TERM | |
| Topical term or geographic name as entry element | Integral equations. |
| 9 (RLIN) | 19900 |
| 830 #0 - SERIES ADDED ENTRY--UNIFORM TITLE | |
| Uniform title | Pure and applied mathematics (Interscience Publishers) ; |
| Uniform title | v. 5. |
| 942 ## - ADDED ENTRY ELEMENTS (KOHA) | |
| Source of classification or shelving scheme | Dewey Decimal Classification |
| Koha item type | Books |
| Lost status | Source of classification or shelving scheme | Damaged status | Not for loan | Permanent Location | Current Location | Date acquired | Source of acquisition | Cost, normal purchase price | Total Checkouts | Full call number | Date last seen | Copy number | Koha item type | Collection code | Shelving location |
|---|---|---|---|---|---|---|---|---|---|---|---|---|---|---|---|
| Dewey Decimal Classification | Central Library, University of Rajshahi | Central Library, University of Rajshahi | 31/10/1962 | Zeitlinger | 64.00 | 515.45 TRI 1957 | 15/01/2014 | C-2 | Books | ||||||
| Dewey Decimal Classification | Central Library, University of Rajshahi | Central Library, University of Rajshahi | 26/03/1963 | Zeitlinger | 64.00 | 515.45 TRI V-5 1957 | 31/08/2016 | C-2 | Books | Non-fiction | |||||
| Dewey Decimal Classification | Not For Loan | Central Library, University of Rajshahi | Central Library, University of Rajshahi | 26/03/1963 | 515.45 TRI V-5 1957 | 16/04/2017 | C-1 | Books | Non-fiction | Reading Room |